[Event "Charleville Mezieres op 5th"]
[Site "Charleville Mezieres"]
[Date "2008.??.??"]
[Round "3"]
[White "Albert, Julien"]
[Black "Sioche, Braian"]
[Result "1-0"]
[WhiteElo "1453"]
[BlackElo "1210"]
[PlyCount "55"]
[EventDate "2008.12.26"]
[EventType "swiss"]
[EventRounds "7"]
[EventCountry "FRA"]
[SourceTitle "CBM 128 Extra"]
[Source "ChessBase"]
[SourceDate "2009.03.05"]
[SourceVersion "2"]
[SourceVersionDate "2009.03.25"]
[SourceQuality "1"]

1. e4 e5 2. Nf3 d6 3. d4 Qe7 4. d5 Bg4 5. Bb5+ c6 6. dxc6 bxc6 7. Ba4 Bxf3 8. Qxf3 d5 9. exd5 e4 10. Qc3 Qf6 11. Qxf6 Nxf6 12. dxc6 Bc5 13. c7+ Nbd7 14. 0-0 0-0 15. Rd1 Ne5 16. Bf4 Neg4 17. Bg3 e3 18. fxe3 Bxe3+ 19. Kh1 Ne4 20. Nc3 Nc5 21. Bc6 Rac8 22. Nd5 Bg5 23. h3 Ne3 24. Nxe3 Bxe3 25. Bd6 Rfe8 26. Bxe8 Rxe8 27. Bxc5 Rc8 28. Rd8+ 1-0